Central Library OPAC University of Rajshahi

Case Studies in Marketing / (Record no. 86213)

MARC details
000 -LEADER
fixed length control field 00595nam a2200217 a 4500
001 - CONTROL NUMBER
control field 86213
003 - CONTROL NUMBER IDENTIFIER
rucl marc code BD-RjUL
005 - DATE AND TIME OF LATEST TRANSACTION
control field 20260225113710.0
008 - FIXED-LENGTH DATA ELEMENTS--GENERAL INFORMATION
fixed length control field 260225s2011 ii ||||| |||| 00| 0 eng d
020 ## - INTERNATIONAL STANDARD BOOK NUMBER
International Standard Book Number 9788131796917
035 ## - SYSTEM CONTROL NUMBER
System control number (BD-RjUL)86213
040 ## - CATALOGING SOURCE
Original cataloging agency BD-RjUL
Language of cataloging eng
Transcribing agency BD-RjUL
041 ## - LANGUAGE CODE
Language code of text/sound track or separate title eng
082 ## - DEWEY DECIMAL CLASSIFICATION NUMBER
Edition number 23
Classification number 658.8
Author mark and year BAC 2011
100 ## - MAIN ENTRY--PERSONAL NAME
Personal name Balakrishna, Sidharth
9 (RLIN) 17796
245 ## - TITLE STATEMENT
Title Case Studies in Marketing /
Statement of responsibility, etc. Sidharth Balakrishna
260 ## - PUBLICATION, DISTRIBUTION, ETC. (IMPRINT)
Place of publication, distribution, etc. Nodia :
Name of publisher, distributor, etc. Pearson,
Date of publication, distribution, etc. 2011
300 ## - PHYSICAL DESCRIPTION
Pagination x,154 p.:
Illustrations ill.;
Size 24 cm.
650 ## - SUBJECT ADDED ENTRY--TOPICAL TERM
Topical term or geographic name as entry element Marketing
General subdivision Case studies
9 (RLIN) 17797
942 ## - ADDED ENTRY ELEMENTS (KOHA)
Source of classification or shelving scheme Dewey Decimal Classification
Koha item type Books
Holdings
Lost status Source of classification or shelving scheme Damaged status Not for loan Collection code Permanent Location Current Location Shelving location Date acquired Source of acquisition Cost, normal purchase price Total Checkouts Full call number Date last seen Copy number Koha item type
  Dewey Decimal Classification   Not For Loan Non-fiction Central Library, University of Rajshahi Central Library, University of Rajshahi Reading Room 22/02/2026 Book Finder, Dhaka 736.00   658.8 BAC 2011 25/02/2026 C-1 Books